000 01243nam1a22002891 4500
001 rc\2942127
005 20240429112352.0
035 _a(NLR Aleph) 007090848
090 _a6572404
_c6572404
100 _a20110825d1939 |||y0rusy50 ca
101 1 _arus
_cfre
102 _aRU
105 _ay z |||||
200 1 _aПолное собрание сочинений
_fГи де Мопассан
_gПод общ. ред. Ю. Данилина и П. Лебедева-Полянского
_gВступ. статья Иоганна Альтмана ["О творчестве Мопассана", с. 3-43] и Ю. Данилина ["Жизнь Мопассана", с. 44-69]
210 _aМосква
_cГослитиздат
_d1939
215 _d20 см
700 1 _aМопассан
_bГ. де
_gГюи де
702 1 _aДанилин
_bЮ. И.
_gЮрий Иванович
_4340
702 1 _aЛебедев-Полянский
_bП. И.
_f1881 - 1948
_gПавел Иванович
_3RU\NLR\AUTH\770238959
_4340
702 1 _aАльтман
_bИ.
_gИоганн
_4570
702 1 _aДанилин
_bЮ.
_4570
801 0 _aRU
_bNLR
_gpsbo
801 1 _aRU
_bELAR
_2rusmarc
852 _aNLR
_j38-17/178(1)
942 _cBOOK
980 _aNB